| 000 | 00466nam a2200169 4500 | ||
|---|---|---|---|
| 001 | 117619 | ||
| 003 | ES-MaACL | ||
| 005 | 20250407063112.0 | ||
| 007 | t| | ||
| 008 | 070214s1968 sp r ||||1| cat d | ||
| 100 | 1 |
_aPedrolo, Manuel de, _d1918-1991 _989937 |
|
| 245 | 1 | 0 |
_aEntrada en blanc / _cManuel de Pedrolo. |
| 260 |
_aBarcelona : _bCadi, _c1968. |
||
| 300 |
_a115 p. ; _c18 cm. |
||
| 852 |
_aES-MaACL _jC-52267 _bR.67980 |
||
| 999 |
_c117619 _d117619 |
||